| 000 | 00931nam a22002535a 4500 | ||
|---|---|---|---|
| 003 | OSt | ||
| 005 | 20170408103607.0 | ||
| 008 | 160922s1977 ua frb 000 0 ara d | ||
| 015 | _a1977 / 3438 | ||
| 040 |
_aEG-ScBUE _bara _cEG-ScBUE |
||
| 043 | _af-ua--- | ||
| 082 | 0 | 4 |
_a345.6205042 _bح س ن _222 |
| 100 | 1 |
_aحسني، محمود نجيب، _d1928-2004. |
|
| 245 | 1 | 0 |
_aقوة الحكم الجنائي في إنهاء الدعوى الجنائية / _cتأليف محمود نجيب حسني. |
| 250 | _aط. 2. | ||
| 260 |
_aالقاهرة : _bدار النهضة العربية، _c1977. |
||
| 300 |
_a359 ص. ؛ _c24 سم. |
||
| 504 | _aيشتمل على إرجاعات ببليوجرافية. | ||
| 650 | 7 |
_2BUEsh _aالأحكام الجنائية _zمصر. |
|
| 650 | 7 |
_2BUEsh _aالدعوى الجنائية _xقوانين وتشريعات _zمصر. |
|
| 651 | _2BUEsh | ||
| 653 |
_bLLAAWW _cApril2017 |
||
| 942 | _2ddc | ||
| 999 |
_c24593 _d24565 |
||